| 000 | 00441nam a2200181Ia 4500 | ||
|---|---|---|---|
| 001 | 14925 | ||
| 005 | 20260306164950.0 | ||
| 008 | 260306t2002||||xx |||||||||||||| ||spa|| | ||
| 041 | _aESP | ||
| 082 |
_a519.5 _bM84L |
||
| 100 |
_aMontero Lorenzo, J. Mª. _eAUT |
||
| 245 | 0 | _aEstadística para relaciones laborales | |
| 260 | _c2002 | ||
| 300 |
_a296 páginas : _c24 cm. |
||
| 650 | _aGEN | ||
| 654 | _aCMA | ||
| 942 |
_cLIB _dJUS _fJUS _2ddc _n |
||
| 999 |
_c14925 _d14925 |
||